Albums-Songs (The Weeknd) pt.4 - Statistics

General Stats
  • This quiz has been taken 8 times
  • The average score is 19 of 37
Answer Stats
Hint Answer % Correct
2 Starboy
100%
4 Blinding Lights
83%
10 Heartless
83%
29 Reminder
83%
26 Stargirl Interlude
83%
18 After Hours
67%
13 Call Out My Name
67%
7 Can't Feel My Face
67%
1 Die For You
67%
16 Earned It
67%
19 One Of The Girls
67%
25 Party Monster
67%
3 Save Your Tears
67%
36 High For This
50%
30 In The Night
50%
5 In Your Eyes
50%
24 Is There Someone Else?
50%
23 Less Than Zero
50%
15 Love Me Harder
50%
33 Moth To A Flame
50%
14 Often
50%
34 Out Of Time
50%
9 Pray For Me
50%
Album Title The Highlights (Deluxe)
50%
11 The Hills
50%
6 Wicked Games
50%
21 I Was Never There
33%
20 Popular
33%
28 Sacrifice
33%
32 Take My Breath
33%
12 The Morning
33%
17 Acquainted
17%
22 House Of Ballona / Glass Table Girls
17%
8 I Fell It Coming
17%
35 King Of The Fall
17%
27 Tell Your Friends
17%
31 Wasted Times
17%
No matching quizzes found
Score Distribution
Percent of People with Each Score
Percentile by Number Answered
Your Score History
You have not taken this quiz